| 000 | 00929nam a22001577a 4500 | ||
|---|---|---|---|
| 005 | 20120627165328.0 | ||
| 020 |
_a9788188026964 _c195.00 |
||
| 100 |
_aद्विवेदी, दीक्षा _949628 |
||
| 245 |
_aसरल निबंध एवं कहानी-लेखन; _b(कक्षा पांच एवं छह की योग्यतानुसार)/ _cदीक्षा द्विवेदी |
||
| 260 |
_aदिल्ली _bराजकुमार एण्ड सन्ज़ _c2010 |
||
| 270 |
_a30/35-36, (प्रथम तल) लेन नं.-9, विश्वास नगर, शाहदरा _bदिल्ली _e110032 |
||
| 300 |
_a144 पृ. _c22 सें.मी.(सजिल्द) |
||
| 942 |
_2ddc _cCH _mद्विवेदी |
||
| 999 |
_c68225 _d68225 |
||